1540 1710 1387 1534 1974 1306 1220 1014 1059 1411 1754 1535 1179 1718 1335 1596 1198 1019 1936 1156 1734 1248 1562 1681 1673 1344 1690 1120 1879 1783 1530 1088 1684 1313 1662 1528 1933 1349 1038 1116 1120 1138 1340 1679 1096 1433 1841 1354 1631 1143 1137 1688 1447 1565 1065 1198 1142 1997 1595 1701 1137 1318 1656 1502 1340 1579 1317 1547 1302 1251 1794 1555 1787 1417 1226 1073 1252 1342 1064 1195 1491 1882 1040 1574 1541 1711 1274 1270 1817 1442 1806 1408 1908 1967 1595 1376 1936 1895 1686 BCNSPRNW ULIB Ver.6.0+V

เปลี่ยนเป็นภาษาไทย

Change to English
 แสดงรายละเอียดบรรณานุกรม
  กลับหน้าหลัก

Brief Record : Get Marc (ISO 2709) : E-mail record : QR code < ปิดหน้าต่าง
LEADER : 00000nam 2200000uu 4500
001    13399123020
003     ULIB
008    131128s2555||||th 000 0 tha d
020    ^a97861621425628
090    ^aนว^bพ187พ ล.19
100 0  ^aพนมเทียน
245 10 ^aเพชรพระอุมา: ป่าโลกล้านปี เล่ม 3 /^cพนมเทียน
250    ^aพิมพ์รวมเล่มครั้งที่ 6
260    ^aกรุงเทพฯ :^bณ บ้านวรรณกรรม,^c2555
300    ^a419 หน้า
505 00 ^a^gล.1-4^tไพรมหากาฬ --^gล.5-8^tดงมรณะ -- ^gล.9-12^tจอมผีดิบมันตรัย -- ^gล.13-16^tอาถรรพณ์นิทรานคร -- ^gล.17-20^tป่าโลกล้านปี -- ^gล.21-24^tแงซายจอมจักรา -- ^gล.25-28^tจอมพราน -- ^gล.29-32^tไอ้งาดำ -- ^gล.33-36^tจิตรางคนางค์-- ^gล.37-40^tนาคเทวี -- ^gล.41-44^tแด่ปางบรรพ์ -- ^gล.45-48^tมงกุฎไพร
650  4 ^aนวนิยายไทย
945    ^p225^l0^i034223
999    ^aเกษร โพธิ์สุวรรณ
รายการนี้ยังไม่มีแท็ก
คุณยังไม่ได้ล็อกอิน คุณสามารถมีกิจกรรมร่วมกับเว็บไซต์ได้ แต่ต้องล็อกอินก่อน ::
  ล็อกอิน

รายการสื่อสารสนเทศ

ลำดับที่ ประเภท เลขเรียก/บาร์โค้ด สถานที่ สถานะ
1. นวนิยาย
นวนิยาย
นว พ187พ ล.19  
  Barcode: 034223
ห้องสมุดวิทยาเขตสวรรค์ประชารักษ์
►นวนิยาย
บนชั้น
  ขอยืม

รายการใกล้เคียง
    ผู้แต่ง [พนมเทียน]

    หัวเรื่อง [นวนิยายไทย]

BibComment


ยังไม่เคยถูกคอมเมนท์

คอมเมนท์ทรัพยากรรายการนี้
  คอมเมนท์: เพชรพระอุมา ป่าโ..


 Copyright 2026. Bcnsprnw @Library